logo

Bir Sreshtho Munshi Abdur Rouf Library
Jhenaidah Cadet College

As I See Sierra Leone / (Record no. 1672)

MARC details
000 -LEADER
fixed length control field 00559nam a2200217 a 4500
001 - CONTROL NUMBER
JCCL Control Number 1672
003 - CONTROL NUMBER IDENTIFIER
JCCL marc code BD-JhCC
005 - DATE AND TIME OF LATEST TRANSACTION
control field 20180205123442.0
008 - FIXED-LENGTH DATA ELEMENTS--GENERAL INFORMATION
fixed length control field 171023s2004 bg a|||| ||a| 000 0 eng d
020 ## - INTERNATIONAL STANDARD BOOK NUMBER
International Standard Book Number 9841105619
035 ## - SYSTEM CONTROL NUMBER
system control number (BD-JhCC)1672
040 ## - CATALOGING SOURCE
Original cataloging agency BD-JhCC
Modifying agency BD-JhCC
041 ## - LANGUAGE CODE
Language code of Book eng
082 ## - DEWEY DECIMAL CLASSIFICATION NUMBER
Classification number 966.4
Author mark and Year WAL 2004
100 ## - MAIN ENTRY--PERSONAL NAME
Personal name Waliullah, Lt. Col.
245 ## - TITLE STATEMENT
Title As I See Sierra Leone /
Statement of responsibility, etc Lt. Col. Waliullah
260 ## - PUBLICATION, DISTRIBUTION, ETC. (IMPRINT)
Place of publication, distribution, etc Dhaka :
Name of publisher, distributor, etc Ahmed Publishing House,
Date of publication, distribution, etc 2004.
300 ## - PHYSICAL DESCRIPTION
Pagination 61 p. :
Other physical details ill. ;
Dimensions 21 cm.
651 ## - SUBJECT ADDED ENTRY--GEOGRAPHIC NAME
Geographic name Sierra Leone
942 ## - ADDED ENTRY ELEMENTS (KOHA)
Source of classification or shelving scheme Dewey Decimal Classification
Koha item type Books
Holdings
Source of classification or shelving scheme Damaged status Not for loan Home library Current library Shelving location Date of accession Cost, normal purchase price Total Checkouts Full call number Barcode Date last seen Copy number Koha item type
Dewey Decimal Classification     JCC Rouf Library JCC Rouf Library General Stacks 10/23/2017 100.00   966.4 WAL 2004 3036 10/23/2017 C-1 Books
Dewey Decimal Classification     JCC Rouf Library JCC Rouf Library General Stacks 10/23/2017 100.00   966.4 WAL 2004 3025 10/23/2017 C-2 Books
Dewey Decimal Classification     JCC Rouf Library JCC Rouf Library General Stacks 11/23/2017 100.00   966.4 WAL 2004 5973 11/23/2017 C-3 Books
Dewey Decimal Classification     JCC Rouf Library JCC Rouf Library General Stacks   100.00   966.4 WAL 2004 9362 01/30/2018 C -4 Books
Dewey Decimal Classification     JCC Rouf Library JCC Rouf Library General Stacks       966.4 WAL 2004 9587 02/05/2018 C - 1 Books

JCC Library | Contacts | JCC Home

Last Update on 23 September 2017
Copyright @ 2017-2020 JCC Rouf Library
Rouf Library, Jhenidah Cadet College (JCC), Bangladesh